Εφαρμοσμένη Ψυχολογία (Record no. 347)
[ view plain ]
| 000 -LEADER | |
|---|---|
| fixed length control field | 01618cam a22001934a 4500 |
| 005 - ΗΜΕΡΟΜΗΝΙΑ ΚΑΙ ΩΡΑ ΤΕΛΕΥΤΑΙΑΣ ΕΝΗΜΕΡΩΣΗΣ | |
| Πεδίο ελέγχου | 20250605163932.0 |
| 008 - FIXED-LENGTH DATA ELEMENTS--GENERAL INFORMATION | |
| Πεδίο ελέγχου σταθερού μήκους | 250528s ||||||||||||||||||||||||d |
| 035 ## - SYSTEM CONTROL NUMBER | |
| System control number | 14727 |
| 020 ## - ISBN | |
| ISBN | 9603441465 |
| 040 ## - ΠΗΓΗ ΚΑΤΑΛΟΓΟΓΡΑΦΗΣΗΣ | |
| Φορέας πρωτότυπης καταλογογράφησης | MC Athens Campus Library |
| Γλώσσα καταλογογράφησης | Ελληνικά, Μοντέρνα (1453-) |
| Modifying agency | MC Athens Campus Library |
| Κανόνες περιγραφικής καταλογογράφησης | AACR2 |
| 245 1# - ΤΙΤΛΟΣ ΚΑΙ ΔΗΛΩΣΗ ΥΠΕΥΘΥΝΟΤΗΤΑΣ | |
| Τίτλος | Εφαρμοσμένη Ψυχολογία |
| 260 ## - PUBLICATION, DISTRIBUTION, ETC. | |
| Name of publisher, distributor, etc. | Ελληνικά Γράμματα, |
| Date of publication, distribution, etc. | 1995 |
| 300 ## - PHYSICAL DESCRIPTION | |
| Extent | 312 |
| 520 ## - SUMMARY, ETC. | |
| Summary, etc. | Το βιβλιο αυτό επιδιώκει να προσφέρει μια συνολική - έστω και συνοπτική - εικόνα της επιστήμης της Ψυχολογίας, να εξοικειώσει το μη ειδικό αναγνώστη με το περίγραμμα και τους γενικότερους προβληματισμούς της. Πρόλογος, Γενική Άποψη της Επιστήμης, Διαμόρφωση της Συμπεριφοράς, Επαφή με το Περιβάλλον, Αναπτυξιακή ή Εξελικτική Ψυχολογία, Διαπροσωπικές Σχέσεις, Τα Συναισθήματα μας, Ψυχοδιανοητικές Διεργασίες, Θέματα Προσωπικής Προσαρμογής, Βιομηχανική - Οργανωσιακή Ψυχολογία, Προσωπικό Επιχείρησης - Οργανισμού, Παραγωγή - Παραγωγικότητα Επιχείρησης - Οργανισμού, Δυναμική του Οργανισμού, Βιβλιογραφία. |
| 700 1# - ΠΡΟΣΘΕΤΗ ΑΝΑΓΡΑΦΗ--ΦΥΣΙΚΟ ΠΡΟΣΩΠΟ | |
| Personal name | Πιπερόπουλος Γιώργος Π |
| 9 (RLIN) | 473 |
| 942 ## - ADDED ENTRY ELEMENTS (KOHA) | |
| Koha item type | Books |
| Τύπος τεκμηρίου | Βιβλιοθήκη | Τρέχουσα τοποθεσία | Barcode | Αριθμός εισαγωγής | Ημερομηνία απόκτησης | Ταξιθετικό σύμβολο | Αριθμός αντιτύπου | Κατάσταση απόσυρσης | Κατάσταση χαμένου | Κατάσταση κατεστραμμένου | Μη δανεισμός | Σύνολο δανεισμών | Ημερομηνία τελευταίας εμφάνισης | Η τιμή ισχύει από |
|---|---|---|---|---|---|---|---|---|---|---|---|---|---|---|
| Books | MC Athens Campus Library | MC Athens Campus Library | 9780000003461 | 4194 | 05/06/2025 | 158.2 PIP | 1 | 05/06/2025 | 05/06/2025 |